Logo biblioteca
Santa Fe 2917, Rosario, Santa Fe
Lu-Vi 8 a 19.45
+54-341-4232362
bibliotecaeudoro@gmail.com
Facebook Biblioteca Pedagógica
Sitio web

Inteligencia artificial y educación matemática. (Registro nro. 32545)

Detalles MARC
000 -CABECERA
campo fijo de control de longitud 01753nab a2200277 4500
003 - IDENTIFICADOR DEL NÚMERO DE CONTROL
campo de control AR-RoBPED
005 - FECHA Y HORADE LA ULTIMA TRANSACCION
campo de control 20260410095658.0
008 - ELEMENTOS DE LONGITUD FIJA--INFORMACION GENERAL
campo fijo de control de longitud 260410b |||||||| |||| 00| 0 spa d
040 ## - FUENTE CATALOGADORA
Centro catalogador/agencia de origen AR-RoBPED
041 ## - IDIOMA
Código de idioma para texto/pista de sonido o título independiente spa
100 ## - ENCABEZAMIENTO PRINCIPAL--AUTOR PERSONAL
Nombre de persona Giarrizzo, Alicia
9 (RLIN) 20449
Función Licenciada en Educación con orientación en la Enseñanza de la Matemática
245 1# - TITULO
Título Inteligencia artificial y educación matemática.
Subtítulo Un desafío compartido entre docentes y estudiantes /
260 ## - PUBLICACION
Lugar Buenos Aires :
Editor Noveduc,
Fecha 2025
300 ## - DESCRIPCION FISICA
Extensión 10-17 p.
500 ## - NOTA GENERAL
Nota general Si bien muchos docentes usan los programas Wolfram Alpha, Sagemath, Desmos, Mathway, GeoGebra y Graphmatica para la enseñanza y el aprendizaje de contenidos matemáticos, aún no se animan a incluir los chatbots como complementos de esos recursos. por eso es fundamental que en la formación docente inicial y permanente se diseñen propuestas de enseñanza innovadoras mediadas por inteligencia artificial generativa (en adelante, IAG) que respondan al enfoque didáctico en el que se fundamentan los diseños curriculares vigentes. Se comparten escenas significativas de las conversaciones que un alumno de tercer año de secundaria, una estudiante del profesorado de Matemática tuvieron con Gemini, ChayGPT-4o y Math IA respectivamente.
650 #7 - TERMINO DE MATERIA--CONTROLADO
Término controlado INTELIGENCIA ARTIFICIAL
9 (RLIN) 2074
Término controlado APRENDIZAJE
9 (RLIN) 560
Término controlado DOCENTES
9 (RLIN) 344
Término controlado ESTUDIANTES
9 (RLIN) 11380
Término controlado EXPERIENCIAS EDUCACIONALES
9 (RLIN) 18339
Término controlado EDUCACION
9 (RLIN) 19440
Término controlado MATEMATICAS
9 (RLIN) 454
773 0# - DOCUMENTO FUENTE
Host Biblionumber 20414
Host Itemnumber 41869
Place, publisher, and date of publication Buenos Aires : Noveduc, 1993-
Título Novedades Educativas
Record control number (AR-RoBPED)20414
International Standard Serial Number 03283534
942 ## - ELEMENTOS KOHA
Fuente de clasificación Universal Decimal Classification
Koha tipo de ítem Revistas
Clasificación 37(05)
Signatura librística Nov 86 N° 401 (Abril.2025)
Número Koha k.32545
945 ## - PROCESAMIENTO DE LA INFORMACIÓN LOCAL
Catalogador y fecha mar 04/2026

No hay ítems disponibles.